000 00740nam a2200289Ia 4500
001 9065
003 IT-RoPAU
008 130308s9999 xx 000 0 und d
040 _aIT-RoPAU
040 _cIT-RoPAU
041 _aITALIANO
100 _aChisholm Roderick
100 _gCodice Aut. SPICS: 8069
245 _aLinguaggio, logica e stati di cose
245 _bLinguaggio e Filosofia
250 _a1a ed.
260 _aROMA
260 _bArmando Armando
260 _c1971 [1° Ed.:1971 - Ed.Ling.Originale:1969]
300 _a"8 p. (prefazione: no ; testo: 8 [pagine: 303-310])"
650 _aEPISTEMOLOGIA
650 _eCodice materia Spics: 3051
942 _cBK
957 _71
999 _c38763
_d38763
999 _bSI
999 _g1